MARC

LEADER 00000nam0a2200000 4500
001 165262
005 20231101222535.0
010 |a 1557790442 
035 |a (RuTPU)RU\TPU\book\179281 
090 |a 165262 
100 |a 20090916d1991 km y0rusy50 ca 
101 1 |a rus 
102 |a US 
105 |a y z 001zb 
200 1 |a Основы учения  |e [пер. с англ.]  |f Э. Сведенборг  |g ред.-сост. С. Синнестведт 
210 |a New York  |d 1991 
215 |a 149 с. 
320 |a Указатель: с. 148-149. 
320 |a Примечания и сноски: с. 146-147. 
320 |a Сокращения: с. 143. 
600 1 |a Сведенборг  |b Э.  |c шведский учёный-естествоиспытатель  |c христианский мистик, теософ, изобретатель  |f 1688-1772  |g Эмануэль (Эммануил)  |2 stltpush  |3 (RuTPU)RU\TPU\pers\9649  |9 1921 
610 1 |a философия 
610 1 |a жизнь 
610 1 |a свобода 
610 1 |a духовная жизнь 
610 1 |a нравственность 
610 1 |a милосердие 
610 1 |a польза 
610 1 |a брак 
610 1 |a мудрость 
610 1 |a религия 
610 1 |a зло 
610 1 |a грехи 
610 1 |a жизнь после смерти 
610 1 |a человек 
610 1 |a предназначение 
610 1 |a Вселенная 
610 1 |a теософия 
686 |a Э37  |v LBC/SL-A  |2 rubbk 
700 1 |a Сведенборг  |b Э.  |c шведский учёный-естествоиспытатель  |c христианский мистик, теософ, изобретатель  |f 1688-1772  |g Эмануэль (Эммануил)  |2 stltpush  |3 (RuTPU)RU\TPU\pers\9649  |9 1921 
702 1 |a Синнестведт  |b С.  |g Сиг  |4 340  |4 220 
801 1 |a RU  |b 63413507  |c 20090916 
801 2 |a RU  |b 63413507  |c 20190607  |g RCR 
942 |c BK